Green Roof Systems (Record no. 15554)
[ view plain ]
| 000 -LEADER | |
|---|---|
| fixed length control field | 00356nam a2200145Ia 4500 |
| 008 - FIXED-LENGTH DATA ELEMENTS--GENERAL INFORMATION | |
| fixed length control field | 220803s9999 xx 000 0 und d |
| 020 ## - INTERNATIONAL STANDARD BOOK NUMBER | |
| International Standard Book Number | 978-0-471-67495-5 |
| 041 ## - LANGUAGE CODE | |
| Language code of text/sound track or separate title | eng |
| 082 ## - DEWEY DECIMAL CLASSIFICATION NUMBER | |
| Classification number | 635.9'671 WEI |
| 100 ## - MAIN ENTRY--PERSONAL NAME | |
| Personal name | Weiler S K |
| 9 (RLIN) | 24650 |
| 245 ## - TITLE STATEMENT | |
| Title | Green Roof Systems |
| 260 ## - PUBLICATION, DISTRIBUTION, ETC. (IMPRINT) | |
| Place of publication, distribution, etc. | New Jersey |
| Name of publisher, distributor, etc. | Wiley Publication |
| Date of publication, distribution, etc. | 2009 |
| 300 ## - PHYSICAL DESCRIPTION | |
| Extent | 313p |
| 500 ## - GENERAL NOTE | |
| Keywords | ENVIR |
| Withdrawn status | Lost status | Damaged status | Not for loan | Collection code | Home library | Current library | Date acquired | Vendor | Cost, normal purchase price | Full call number | Barcode | Date last seen | Cost, replacement price | Bill Date | Koha item type | Original Barcode |
|---|---|---|---|---|---|---|---|---|---|---|---|---|---|---|---|---|
| Reference | Book of M Arch EA | Dr. Bhanuben Nanavati College of Architecture | Dr. Bhanuben Nanavati College of Architecture | 24/09/2014 | Technical Book Source | 3593.79 | 720.47 WEI | BNCA-BK-8916 | 03/08/2022 | 3593.79 | 18/09/2014 | Reference book | B08916 |